000 01295cam a22003497a 4500
003 CHAP
005 20220329142349.0
008 000929d2000 mx r 00110 spa d
010 _a82404
011 _a83376
035 _a93888
040 _cCHAP
090 _aTesis
100 0 0 _aTorres Guerrero, Francisco.
_9114122
245 1 0 _aAnálisis y perpectivas de la ganaderia en el ejido San Isidro, municipio de Nahuatzen, Michoacán
_c/por Francisco Torres Guerrero
260 _aChapingo, Méx. :
_bEl autor,
_c2000.
300 _a200 h. :
_btablas
502 _aTesis (M.C. en Desarrollo Rural Regional) -- UACH. Centro Regional Universitario Centro Occidente
590 _aALEPH
_b10
_c20130110
_lUCH01
_h1437
590 _aBATCH-UPD
_b10
_c20130110
_lUCH01
_h0618
590 _aBATCH-UPD
_b10
_c20130410
_lUCH01
_h0301
590 _aBATCH-UPD
_b10
_c20130914
_lUCH01
_h1147
590 _aCONVERSION
_b10
_c20130109
_lUCH01
_h1346
650 1 4 _aDesarrollo de la comunidad rural
_xMichoacán.
_932015
650 1 4 _aGanado vacuno
_xMichoacán.
_945491
650 1 4 _aSistemas de producción animal.
_9106771
901 _aBK
905 _aMayto Villalobos S.
942 _cFOLL
949 _bBC
_cTES
_d33724000794210
_eTS2
_fc.2
_h36964
_i93888
_sb
949 _bBC
_cTES
_d938881
_eTS1
_h36963
_i93888
_sb
999 _c82404
_d82404